000 00966nas a2200349 4500
001 BR2012002103
003 BR-BrBNA
005 20231205120333.0
007 ta
008 230509b bl.|||p| |||| 00| 00por d
040 _aBR-BrBNA
_bpor
_cBiblioteca Nacional de Agricultura
041 _a(Pt)
072 _aH10
100 1 _aSomavilla, L.
100 1 _aGomes, C.B.
100 1 _aAntunes, L.E.C.
100 1 _aOliveira, R.P. de
100 1 _aCarneiro, R.M.D.G.
245 1 _aReação de diferentes frutíferas a Meloidogyne ethiopica
650 _aUVA
650 _aKIWI
650 _aACTNIDIA DELICIOSA
650 _aPITANGA
650 _aJABUTICABA
650 _aNEMATÓIDE
650 _aTOMATE
650 _aINOCULAÇÃO
650 _aHOSPEDEIRO VEGETAL
773 0 _tNematologia Brasileira (Brazil)
_xISSN 0102-2997
_g(Sep 2009), v. 33(3) p. 252-255
_wBR2012002103
909 _a202311
_bLúcia
_c55
_dLúcia Elande
942 _2AGRIS
_n0
_cANA
999 _c218009
_d218009